| 000 | 00000nam##2200000za#4500 |
| 001 | 9.600609 |
| 003 | CaOODSP |
| 005 | 20210624205652 |
| 007 | cr ||||||||||| |
| 008 | 150406|1995||||xxc|||||o f|0| 0 fre|d |
| 040 | |aCaOODSP|bfre |
| 043 | |an-cn--- |
| 086 | 1 |aNH18-1/192-1995F-PDF |
| 110 | 2 |aSociété canadienne d'hypothèques et de logement. |
| 245 | 10|aSimulation de la pluie battante et de la distribution du mouillage sur les bâtiments / |h[ressource électronique]|c[par] D. Inculet et D. Surry. |
| 250 | |aÉdition revue et corrigée en février 1995. |
| 260 | |aOttawa - Ontario : |bSociété canadienne d'hypothèques et de logement |c1995. |
| 300 | |a107p.|bfigures, graphiques, références, tableaux, photographies |
| 490 | 1 |aRapport de recherche |
| 500 | |a"Rapport définitif". |
| 590 | |a11-05-Supp|b2011-03-15 |
| 720 | 1 |aSurry, D. |
| 720 | 1 |aInculet, D. |
| 775 | 08|tSimulation of wind-driven rain and wetting patterns on buildings / |w(CaOODSP)9.569479 |
| 830 | #0|aResearch report (Société canadienne d'hypothèques et de logement : En ligne)|w(CaOODSP)9.502470 |
| 856 | 40|ahttp://publications.gc.ca|qPDF|s22.01 Mo|uhttps://publications.gc.ca/collections/collection_2011/schl-cmhc/nh18-1/NH18-1-192-1995-fra.pdf |